000 00271nam a2200109Ia 4500
008 190216s9999||||xx |||||||||||||| ||und||
100 _aShri Krishan
245 0 _aHindi- Pachchis Hasya - Vyangya Rachnayen
260 _bAkhil Bharti
_c2006
650 _aHindi
942 _cBK
999 _c16428
_d16428